00491 2200181 4500001002100000005001500021008004100036035001900077041000700096082000800103090001400111100001800125245007300143250000600216260002800222300003700250650002200287INLIS00000000000861120241224113658241224||||||||| | ||| |||| || |  0010-1224008611 aid0 a658 a658 KOT m0 aPhilip Kotler00aManajemen Pemasaran: Analisis, Perencanaan, dan Pengendalian Jilid 2 a5 aJakartaberlanggac1984 a24x15,5 cm, xx, 414 hlm.; ilus.: 0aIlmu-ilmu terapan